000 00663nam a2200229Ia 4500
003 OSt
005 20220928135737.0
006 a|||||r|||| 00| 0
007 ta
008 220927b |||||||| |||| 00| 0 eng d
024 _a4741
037 _cTextual
040 _aSDCL
_cSDCL
_beng
041 _2eng
_aeng
082 _aX:54:(Y:45), L7
100 _aJacoby Neil H
_9492732
245 0 _aBribery and extortion in world business
_b A study of corporate political payments abroad
260 _c1977
700 _a Nehemkis Peter
_9453356
942 _hX:54:(Y:45), L7
_cTEXL
_2CC
999 _c808374
_d808374